00488nam a2200145Ia 4500082001200000100002100012245005900033260003100092300002600123650005800149650002600207650004900233650004500282710001500327 aTM.0093 aMahale, Meera N. 0aFamily situations and the education of the adolescents c1975bUniversity of Bombay axii, 579p. + C D - 42 aYOUTH - SOCIO-CULTURAL FACTORS - MAHARASHTRA - BOMBAY aADOLESCENT PSYCHOLOGY aEDUCATIONAL SOCIOLOGY - MAHARASHTRA - BOMBAY aPARENT AND CHILD - MAHARASHTRA - BOMBAY  aNarain, D.